ბათუმის შოთა რუსთაველის სახელმწიფო უნივერსიტეტის ბიბლიოთეკა

Технология обессоливания нефтей на нефтеперерабатывающих предприятиях. (ბიბ.ჩანაწერი № 37047)

000 -LEADER
fixed length control field 00695nam a2200205Ia 4500
001 - CONTROL NUMBER
control field 3001
003 - CONTROL NUMBER IDENTIFIER
control field GE_BSU
008 - FIXED-LENGTH DATA ELEMENTS--GENERAL INFORMATION
fixed length control field 181216s||||||||xx |||||||||||||| ||und||
040 ## - CATALOGING SOURCE
Transcribing agency GE_BSU
080 ## - UNIVERSAL DECIMAL CLASSIFICATION NUMBER
Universal Decimal Classification number 665.632
100 ## - MAIN ENTRY--PERSONAL NAME
Personal name Левченко,Д.Н. Берсштеин,Н.В. Николаева,Н.М.
245 ## - TITLE STATEMENT
Title Технология обессоливания нефтей на нефтеперерабатывающих предприятиях.
245 ## - TITLE STATEMENT
Statement of responsibility, etc. Ред.Г.И.Тюшевская.
260 ## - PUBLICATION, DISTRIBUTION, ETC.
Place of publication, distribution, etc. М.
260 ## - PUBLICATION, DISTRIBUTION, ETC.
Name of publisher, distributor, etc. Химия.
260 ## - PUBLICATION, DISTRIBUTION, ETC.
Date of publication, distribution, etc. 1985.
300 ## - PHYSICAL DESCRIPTION
Extent 168 стр. илл. 22 см.
653 ## - INDEX TERM--UNCONTROLLED
Uncontrolled term Технология обессоливания нефтей.
942 ## - ADDED ENTRY ELEMENTS (KOHA)
Koha item type წიგნი
ეგზემპლარები
Withdrawn status Lost status Damaged status Not for loan Date acquired Barcode Date last seen Price effective from Koha item type
        2018-12-17 9490 2018-12-17 2018-12-17 წიგნი